| 000 | 00591nam a2200205 4500 | ||
|---|---|---|---|
| 001 | 138887 | ||
| 003 | ES-MaACL | ||
| 007 | t| | ||
| 008 | 070214s1982 sp r ||||1| spa d | ||
| 100 | 1 |
_aSantoyo González, F. _9103545 |
|
| 245 | 1 | 0 |
_aProblemas de Química Orgánica / _cF. Santoyo González, F. J. Zorrilla Benítez. |
| 250 | _a1ª ed. | ||
| 260 |
_aMadrid : _bAlhambra, _c1982. |
||
| 300 |
_aXII, 241 p. ; _c24 cm. |
||
| 490 | 1 | _aVertix | |
| 700 | 1 |
_aZorrilla Benítez, F. J. _9118356 |
|
| 830 | 0 |
_aVertix _9180780 |
|
| 852 |
_aES-MaACL _jL-3580 _bR.103851 |
||
| 999 |
_c138887 _d138887 |
||